00678cam a22001817a 4500020001500000040001000015082002600025245006800051246007700119246007200196246004000268250001400308260009900322300002500421700001800446700002100464710001100485 a7800589307 cCSt-H a306 XIN 2001 A073 Or.00a2001 nian Zhongguo guo min jing ji he she hui fa zhan bao gao /3 aEr ling ling yi nian Zhongguo guo min jing ji he she hui fa zhan bao gao14aReport on China's national economic and social development for 20011 aGuo jia fa zhan ji hua wei yuan hui aDi 1 ban. aBeijing :bZhongguo ji hua chu ban she :bXin hua shu dian Beijing fa xing suo fa xing,c2001. a11, 409 p. ;c21 cm.1 aZeng, Peiyan.1 aWang, Chunzheng.1 aChina.